| 000 | 00459nam a2200205Ia 4500 | ||
|---|---|---|---|
| 003 | 0100 | ||
| 008 | 130227s9999 xx 000 0 und d | ||
| 040 | _cARRUPELIB | ||
| 050 | _aD421.W66 | ||
| 100 | _aWood, Sydney Herbert | ||
| 245 | _aWorld affairs | ||
| 245 | _b1900 to the present day | ||
| 260 | _aLondon | ||
| 260 | _bOliver & Boyd | ||
| 260 | _C1970 | ||
| 300 | _a377p | ||
| 300 | _b 22cm | ||
| 650 | _bEducational sociology | ||
| 942 |
_2lcc _02 |
||
| 999 |
_c771 _d771 |
||